| 000 | 01122nam a22001697a 4500 | ||
|---|---|---|---|
| 003 | SGT | ||
| 020 | _a9788121924634 | ||
| 082 | _a330,DEW | ||
| 100 | _aDEWETT,K K | ||
| 245 | _aMODERN ECONOMIC THEORY | ||
| 250 | _a1ST | ||
| 260 |
_aNEW DELHI _bS.CHAND _c2015 |
||
| 300 | _a1000 | ||
| 650 | _aECONOMICS | ||
| 653 | _aPART – ONE: PRICE THEORY OR MICRO ECONOMICS UNIT - I : NATURE AND METHODOLOGY OF ECONOMICS UNIT - II : THEORY OF DEMAND UNIT - III: THEORY OF PRODUCTION UNIT- IV: PRODUCT PRICING UNIT - V : FACTOR PRICING PART - TWO: THEORY OF INCOME AND EMPLOYMENT OR MACRO-ECONOMICS UNIT - I: SOCIAL ACCOUNTING UNIT- II: THEORY OF INCOME DETERMINATION UNIT III: ECONOMIC FLUCTUATIONS PART- THREE: MONEY AND BANKING UNIT - I: MONETARY STANDARDS AND THEORY OF MONEY AND PRICES UNIT - II: BANKING PART - FOUR: INTERNATIONAL ECONOMICS UNIT - I: INTERNATIONAL TRADE THEORY UNIT - II: BALANCE OF PAYMENTS AND INTERNATIONAL MONETARY SYSTEM PART - FIVE : PUBLIC FINANCE PART - SIX: ECONOMIC SYSTEMS PART - SEVEN: ECONOMICS OF DEVELOPMENT AND PLANNING PART - EIGHT : ECONOMICS OF WELFARE WELFARE ECONOMICS | ||
| 942 |
_2ddc _cBK |
||
| 999 |
_c9968 _d9968 |
||